000 00344nam a2200133Ia 4500
008 240624s9999 xx 000 0 und d
041 _aeng
082 _a650.1082 LUB
100 _aLUBLIN JOANN S
245 _aEARNING IT HARD WON LESSONS FROM TRAILBL
260 _c2016
_aNew York
_bHarperCollins
300 _a295 p.; 23 cm.
365 _c
_b38
999 _c30515
_d30515